Haupstädte von Bundesländer - Statistiken

Allgemein
  • Dieses Quiz wurde 848 mal gespielt
  • Das Durchschnittsergebnis liegt bei 14 aus 16
Antwortstatistiken
Bundesländer Haupstadt % Korrekt
Berlin Berlin
99%
Bremen Bremen
98%
Hamburg Hamburg
98%
Bayern München
98%
Baden-Württemberg Stuttgart
92%
Saarland Saarbrücken
88%
Nordrhein-Westfalen Düsseldorf
86%
Brandenburg Potsdam
85%
Schleswig-Holstein Kiel
84%
Sachsen Dresden
82%
Niedersachsen Hannover
82%
Rheinland-Pfalz Mainz
78%
Thüringen Erfurt
77%
Mecklenburg-Vorpommern Schwerin
76%
Hessen Wiesbaden
72%
Sachsen-Anhalt Magdeburg
66%
Keine übereinstimmenden Quizze gefunden
Verteilung der Resultate
Anzahl Personen mit jedem Resultat
Perzentil nach korrekt beantworteten Fragen
Ihre Resultats-Entwicklung
Sie haben dieses Quiz noch nicht gespielt